000 00338 a2200169 4500
001 173419
020 _a85-08-04428-3
040 _cMagnum
100 _aFrança, Mary
240 1 0 _aQue perigo!
_lpor
245 1 0 _aQue perigo!
300 _a12
362 0 _a1995
440 1 _aÁtica
697 _aLITERATURA INFANTIL
942 _cBK
999 _c173419
_d173419